<?xml version="1.0" encoding="UTF-8"?>
<record
    xmlns:xsi="http://www.w3.org/2001/XMLSchema-instance"
    xsi:schemaLocation="http://www.loc.gov/MARC21/slim http://www.loc.gov/standards/marcxml/schema/MARC21slim.xsd"
    xmlns="http://www.loc.gov/MARC21/slim">

  <leader>00933    a2200325   4500</leader>
  <controlfield tag="003">OSt</controlfield>
  <controlfield tag="005">20120907091917.0</controlfield>
  <controlfield tag="008">110703t        xxu||||| |||| 00| 0 eng d</controlfield>
  <datafield tag="015" ind1=" " ind2=" ">
    <subfield code="a">NNB</subfield>
  </datafield>
  <datafield tag="040" ind1=" " ind2=" ">
    <subfield code="a">**</subfield>
    <subfield code="c">**</subfield>
  </datafield>
  <datafield tag="041" ind1=" " ind2=" ">
    <subfield code="a">Eng</subfield>
  </datafield>
  <datafield tag="082" ind1=" " ind2=" ">
    <subfield code="a">333.914</subfield>
    <subfield code="b">En27e</subfield>
  </datafield>
  <datafield tag="110" ind1=" " ind2=" ">
    <subfield code="a">Ministry of Energy, Dept. of Electricity Development</subfield>
    <subfield code="9">22721</subfield>
  </datafield>
  <datafield tag="245" ind1=" " ind2=" ">
    <subfield code="a">Environmental impact assessment of Upper Trisuli 3 "A" Hydroelectric Project</subfield>
  </datafield>
  <datafield tag="260" ind1=" " ind2=" ">
    <subfield code="a">Kathmandu</subfield>
  </datafield>
  <datafield tag="260" ind1=" " ind2=" ">
    <subfield code="c">2010</subfield>
  </datafield>
  <datafield tag="300" ind1="x" ind2=" ">
    <subfield code="a">v.p.</subfield>
    <subfield code="b">illus.</subfield>
  </datafield>
  <datafield tag="362" ind1=" " ind2=" ">
    <subfield code="a">2011-07-</subfield>
  </datafield>
  <datafield tag="500" ind1=" " ind2=" ">
    <subfield code="a">Contents : v.1. Main report - v.2. Appendices</subfield>
  </datafield>
  <datafield tag="504" ind1=" " ind2=" ">
    <subfield code="a">Includes bibliography</subfield>
  </datafield>
  <datafield tag="518" ind1=" " ind2=" ">
    <subfield code="a">2011-07-04</subfield>
  </datafield>
  <datafield tag="530" ind1=" " ind2=" ">
    <subfield code="a">M</subfield>
  </datafield>
  <datafield tag="650" ind1=" " ind2=" ">
    <subfield code="a">Environment</subfield>
    <subfield code="9">1659</subfield>
  </datafield>
  <datafield tag="650" ind1=" " ind2=" ">
    <subfield code="a">Environmental impact analysis</subfield>
    <subfield code="9">8619</subfield>
  </datafield>
  <datafield tag="650" ind1=" " ind2=" ">
    <subfield code="a">Hydrology</subfield>
    <subfield code="9">4706</subfield>
  </datafield>
  <datafield tag="650" ind1=" " ind2=" ">
    <subfield code="a">Environmental management</subfield>
    <subfield code="9">3876</subfield>
  </datafield>
  <datafield tag="651" ind1=" " ind2=" ">
    <subfield code="a">Nepal</subfield>
  </datafield>
  <datafield tag="690" ind1=" " ind2=" ">
    <subfield code="a">Trisuli 3 "A" Hydroelectric Project</subfield>
    <subfield code="9">22722</subfield>
  </datafield>
  <datafield tag="942" ind1=" " ind2=" ">
    <subfield code="c">NCN</subfield>
    <subfield code="2">ddc</subfield>
  </datafield>
  <datafield tag="999" ind1=" " ind2=" ">
    <subfield code="c">60886</subfield>
    <subfield code="d">60874</subfield>
  </datafield>
  <datafield tag="952" ind1=" " ind2=" ">
    <subfield code="0">0</subfield>
    <subfield code="1">0</subfield>
    <subfield code="2">ddc</subfield>
    <subfield code="4">0</subfield>
    <subfield code="7">0</subfield>
    <subfield code="a">TUCL</subfield>
    <subfield code="b">TUCL</subfield>
    <subfield code="d">2011-07-05</subfield>
    <subfield code="l">0</subfield>
    <subfield code="o">333.914 En27e</subfield>
    <subfield code="p">G71661</subfield>
    <subfield code="r">2011-07-05 00:00:00</subfield>
    <subfield code="w">2011-07-05</subfield>
    <subfield code="y">NCN</subfield>
  </datafield>
  <datafield tag="952" ind1=" " ind2=" ">
    <subfield code="0">0</subfield>
    <subfield code="1">0</subfield>
    <subfield code="2">ddc</subfield>
    <subfield code="4">0</subfield>
    <subfield code="7">0</subfield>
    <subfield code="a">TUCL</subfield>
    <subfield code="b">TUCL</subfield>
    <subfield code="d">2011-07-05</subfield>
    <subfield code="l">0</subfield>
    <subfield code="o">333.914 En27e</subfield>
    <subfield code="p">G71660</subfield>
    <subfield code="r">2011-07-05 00:00:00</subfield>
    <subfield code="w">2011-07-05</subfield>
    <subfield code="y">NCN</subfield>
  </datafield>
</record>
